[Event "GER-chT School WK GS"]
[Site "Playchess.com INT"]
[Date "2020.06.11"]
[Round "3.3"]
[White "Sprungula, Noah"]
[Black "Pizziol, Matteo"]
[Result "0-1"]
[WhiteElo "1351"]
[BlackElo "1453"]
[PlyCount "82"]
[EventDate "2020.06.11"]
[EventType "team-swiss (blitz)"]
[EventRounds "7"]
[EventCountry "GER"]
[SourceTitle "EXT 2021"]
[Source "ChessBase"]
[SourceDate "2020.10.23"]
[SourceVersion "1"]
[SourceVersionDate "2020.10.23"]
[SourceQuality "1"]
[WhiteTeam "Berlin Alt Schmar"]
[BlackTeam "Baden Eich"]
[WhiteTeamCountry "GER"]
[BlackTeamCountry "GER"]

1. e4 e5 2. Nf3 Nc6 3. Nc3 Nf6 4. Bb5 a6 5. Bxc6 dxc6 6. Nxe5 Qd4 7. Nf3 Qd8 8. d3 Bc5 9. Bg5 h6 10. Bh4 g5 11. Bg3 h5 12. Be5 g4 13. Nh4 Rg8 14. Qe2 Be6 15. 0-0-0 Nd7 16. d4 Bb4 17. Qd3 Qxh4 18. Rdf1 0-0-0 19. f3 Nxe5 20. dxe5 Rxd3 21. cxd3 gxf3 22. gxf3 Bxc3 23. bxc3 Bxa2 24. Kb2 Be6 25. h3 Bxh3 26. Rf2 Rg3 27. Rfh2 Rxf3 28. Kc2 Qg3 29. Rxh3 Qg2+ 30. Kd1 Rf1+ 31. Rxf1 Qxf1+ 32. Kd2 Qxh3 33. Kc2 Qg2+ 34. Kb3 h4 35. c4 h3 36. Kb4 h2 37. Kc5 h1Q 38. d4 Qxe4 39. Kb4 Qxd4 40. Ka5 Qxc4 41. e6 Qa1# 0-1